000 00474nam a2200181Ia 4500
001 25285
005 20260414151139.0
008 260414t2016||||xx |||||||||||||| ||spa||
041 _aESP
082 _a346.431
_bP83
100 _aPozo Sánchez, Julio E.
_eAUT
245 0 _aJunta de propietarios :
_baspectos civiles, inmobiliarios y registrales
260 _c2016
300 _a190 páginas :
_c24 cm.
650 _aDER
654 _aCDE
942 _cLIB
_dJUS
_fJUS
_2ddc
_n
999 _c25285
_d25285